Every #1 Overall Pick Since 1984 - Statistics

General Stats
  • This quiz has been taken 6 times
  • The average score is 20 of 41
Answer Stats
Hint Answer % Correct
2003 Lebron James
100%
2023 Victor Wembanyama
100%
1996 Allen Iverson
80%
2014 Andrew Wiggins
80%
2020 Anthony Edwards
80%
2009 Blake Griffin
80%
2011 Kyrie Irving
80%
1992 Shaquille O'Neal
80%
2012 Anthony Davis
60%
2021 Cade Cunningham
60%
2008 Derrick Rose
60%
2004 Dwight Howard
60%
2007 Greg Oden
60%
1995 Joe Smith
60%
2010 John Wall
60%
2015 Karl Anthony-Towns
60%
2001 Kwame Brown
60%
1991 Larry Johnson
60%
2022 Paolo Banchero
60%
1997 Tim Duncan
60%
2024 Zaccharie Risacher
60%
2013 Anthony Bennett
40%
2016 Ben Simmons
40%
1988 Danny Manning
40%
1987 David Robinson
40%
2018 De'Andre Ayton
40%
1994 Glenn Robinson
40%
2017 Markelle Fultz
40%
1984 Micheal Jordan
40%
1985 Patrick Ewing
40%
2002 Yao Ming
40%
2006 Andrea Bargani
20%
1986 Brad Daugherty
20%
1993 Chris Webber
20%
1990 Derrick Coleman
20%
1999 Elton Brand
20%
1989 Pervis Ellison
20%
2005 Andrew Bouget
0%
2000 Kenyon Martin
0%
1998 Micheal Olowokandi
0%
2019 Zion Willamson
0%
No matching quizzes found
Score Distribution
Percent of People with Each Score
Percentile by Number Answered
Your Score History
You have not taken this quiz